Top 15 most streamed YNW Melly songs - Statistics

General Stats
  • This quiz has been taken 124 times
  • The average score is 7 of 15
Answer Stats
Rank Streams Songs % Correct
1. 1,050,104,291 Murder on My Mind
99%
2. 569,757,263 Suicidal
78%
3. 482,368,740 223's
70%
6. 295,008,309 Mama Cry
67%
5. 314,909,359 772 Love
58%
4. 421,561,264 Mixed Personalities
54%
7. 202,701,819 Virtual (Blue Balenciagas)
54%
9. 100,826,025 Butter Pecan
48%
12. 75,955,247 Mind on My Murder
44%
10. 98,458,413 City Girls
43%
8. 167,022,416 Freddy Krueger
38%
11. 90,602,398 No Heart
31%
14. 61,223,292 Mind of Melvin
30%
13. 73,509,575 Catching Feelings
14%
15. 50,351,998 Bang Bang
9%
No matching quizzes found
Score Distribution
Percent of People with Each Score
Percentile by Number Answered
Your Score History
You have not taken this quiz